The MALAYAN grading rules for sawn hardwood timber

Bibliographic Details
Format: Book
Published: [Kuala Lumpur] : The Forest Department , 1960
Subjects:

MARC

LEADER 00000cam a2200000 7i4500
001 0000001398
005 20010618.0
090 0 0 |a 674.5   |b MAL 1960 
245 0 4 |a The MALAYAN grading rules for sawn hardwood timber 
260 0 0 |a [Kuala Lumpur] :   |b The Forest Department ,   |c 1960 
300 |a 85 p. :   |b ill. ;   |c 25 cm. 
650 0 0 |a Timber   |z Malaysia   |x Grading 
998 |a JPSM 
999 |a 0000002701   |b Monograph   |c Reference   |e Default branch